Penggerak antara impian dan kenyataan

Bibliographic Details
Main Author: Rahim Tamby Chik (Author)
Format: Book
Published: Melaka : Taming Sari Enterprise , 1988
Subjects:

MARC

LEADER 00000cam a2200000 7i4500
001 0000007813
005 20040523093000.0
090 0 0 |a DS595.M3   |b A2 
100 0 |a Rahim Tamby Chik ,   |e author 
245 1 0 |a Penggerak antara impian dan kenyataan   |c Abdul Rahim Tamby Chik 
260 2 |a Melaka :   |b Taming Sari Enterprise ,   |c 1988 
300 |a 158 ms. ;   |c 23 sm. 
651 0 |a Melaka (State)   |x Economic conditions 
999 |a 1000008859   |b Book   |c OPEN SHELF (30 DAYS)   |e Gong Badak Campus